Tank challange 2.3 - Statistics

General Stats
  • This quiz has been taken 18 times
  • The average score is 7 of 16
Answer Stats
Picture Answer % Correct
BT-5
89%
BT-7
89%
T-26
83%
BT-2
78%
T-28
72%
T-35
67%
Tsar Tank
61%
T-18
28%
T-24
28%
T-19
22%
T-22 Grotte
22%
T-27
22%
Vezdekhod
17%
AT-1
11%
Russkiy Reno
6%
T-37A
6%
No matching quizzes found
Score Distribution
Percent of People with Each Score
Percentile by Number Answered
Your Score History
You have not taken this quiz